000 nam a22 7a 4500
999 _c18078
_d18076
001 22519
003 OSt
005 20211215123736.0
008 211215b xxu||||| |||| 00| 0 eng d
020 _a0716204053
040 _cDDC
082 _aR/232.901 WRI
100 _4Tom Wright
245 _aThe Path to Perfection:
_bAn Restatement of John Wesleys Doctrine Christian Perfection.
_cW.E. Sangsters
260 _aLondon
_bEpworth Press
_c1943
300 _a211 P, :
_c22 cm
942 _2ddc
_cBK